Fulls di historia de la vila de Tivissa i del seu territori antic (Record no. 36944)

MARC details
000 -LEADER
campo de control de longitud fija 00592nam a2200169 i 4500
001 - NÚMERO DE CONTROL
campo de control 36944
003 - IDENTIFICADOR DE NÚMERO DE CONTROL
campo de control ES-MaACL
005 - FECHA Y HORA DE LA ÚLTIMA TRANSACCIÓN
campo de control 20230906155456.0
007 - CAMPO FIJO DE DESCRIPCIÓN FÍSICA--INFORMACIÓN GENERAL
campo de control de longitud fija t|
008 - DATOS DE LONGITUD FIJA--INFORMACIÓN GENERAL
campo de control de longitud fija 030219s1955 sp ||||1| cat d
100 1# - ENTRADA PRINCIPAL--NOMBRE DE PERSONA
Nombre de persona Bru y Borrás, F. Mario.
9 (RLIN) 32049
245 10 - MENCIÓN DEL TÍTULO
Título Fulls di historia de la vila de Tivissa i del seu territori antic
Resto del título : obra póstuma revisada i addicionada /
Mención de responsabilidad, etc. per F. Mario Bru y Borrás.
260 ## - PUBLICACIÓN, DISTRIBUCIÓN, ETC.
Lugar de publicación, distribución, etc. [Tarragona] :
Nombre del editor, distribuidor, etc. Aymá,
Fecha de publicación, distribución, etc. 1955 (
Fabricante Torres y Virgili)
300 ## - DESCRIPCIÓN FÍSICA
Extensión 386 p., XVI lám. ;
Dimensiones 24 cm.
651 #4 - PUNTO DE ACCESO ADICIONAL DE MATERIA--NOMBRE GEOGRÁFICO
Nombre geográfico Tivissa-
Subdivisión general Historia.
9 (RLIN) 170120
852 ## - LOCALIZACIÓN
Ubicación ES-MaACL
Número de control de estantería C-9477
Sublocalización o colección R.37471
Holdings
Estatus retirado Estado de pérdida Estado de daño No para préstamo Biblioteca de origen Biblioteca actual Ubicación en estantería Fecha de adquisición Fuente de adquisición Total de préstamos Signatura topográfica completa Código de barras Visto por última vez Precio de reemplazo Tipo de ítem Koha
        Biblioteca del Ateneo de Madrid Biblioteca del Ateneo de Madrid Sala Palomar 17/01/2008     C-9477 1038861 23/02/2023 23/02/2023 Libro impreso